000 00208 a2200097 4500
001 6994
100 _aTowers, T.D
245 _aTransistor television receivers
260 _a
_bIliffe
_c
090 _c5777
_d5777
942 _aNUST-CAE
_cM
_c32241
999 _c242067
_d242067